| 000 | 01159cam a2200157 4500500 | ||
|---|---|---|---|
| 005 | 20260426014351.0 | ||
| 041 | _afre | ||
| 042 | _adc | ||
| 100 | 1 | 0 |
_aBernard, Benoît _eauthor |
| 245 | 0 | 0 | _aLes forestiers à la croisée des chemins, ou Comment une profession s'approprie des indicateurs de performance |
| 260 | _c2005. | ||
| 500 | _a84 | ||
| 520 | _aRésuméLa multiplication d’indicateurs de gestion destinés à rationaliser, à rendre visible et prévisible l’action traverse la plupart des domaines sociaux et économiques. L’objectif de l’article est de montrer la capacité des « agents forestiers », responsables de la gestion des forêts d’État, à construire, à mobiliser et à rendre acceptables des indicateurs plus ou moins objectifs pour leur permettre de négocier de manière pragmatique une gestion de la forêt adaptée à la nature des enjeux locaux (protection du gibier, d’espaces naturels, de la biodiversité…). | ||
| 786 | 0 | _nSociologies pratiques | 10 | 1 | 2005-03-01 | p. 19-33 | 1235-9278 | |
| 856 | 4 | 1 | _uhttps://shs.cairn.info/revue-sociologies-pratiques-2005-1-page-19?lang=fr&redirect-ssocas=7080 |
| 999 |
_c2224934 _d2224934 |
||